Obchodní cesty: Jugoslávie

Základné demografické údaje Juhoslávie. Členstvo Juhoslávie v medzinárodných organizáciách. Základné ekonomické ukazovatele, zahraničný obchod a dvojstranné dohody. Praktické rady, dôležité adresy a zvláštne upozornenia pri cestovaní do Juhoslávie.

Guardado en:
Detalles Bibliográficos
Autor principal: Pudil, Leopold
Formato: Capítulo de libro
Lenguaje:checo
Materias:
Etiquetas: Agregar Etiqueta
Sin Etiquetas, Sea el primero en etiquetar este registro!

MARC

LEADER 00000naa a2200000 4500
001 r034521
005 20230908092620.9
041 0 |a cze 
044 |a CZ 
245 1 0 |a Obchodní cesty: Jugoslávie  |c Leopold Pudil 
520 |a Základné demografické údaje Juhoslávie. Členstvo Juhoslávie v medzinárodných organizáciách. Základné ekonomické ukazovatele, zahraničný obchod a dvojstranné dohody. Praktické rady, dôležité adresy a zvláštne upozornenia pri cestovaní do Juhoslávie. 
610 2 0 |a styk zahraničnoobchodný 
610 2 0 |a demografia 
610 2 0 |a ukazovatele ekonomické 
610 2 0 |a obchod zahraničný 
610 2 0 |a rokovania obchodné 
610 2 0 |a dohody obchodné medzinárodné 
610 2 0 |a Juhoslávia 
100 1 |a Pudil, Leopold